000
003060000a22001210004500
041
0
_a
SPA
082
0
4
_a
AV 0107
245
1
0
_a
Matices en las relaciones entre las Iglesias Evangélicas y la Iglesia Católica / Consulta de Misión CLAI
300
_a
2 Pag
500
_a
Folleto
001
13505
942
_c
BK
999
_c
42465
_d
42465